| 000 | 00732cam a2200241 a 4500 | ||
|---|---|---|---|
| 008 | |||
| 020 | _a9781412954815 (pbk.) | ||
| 049 | _aMAIN | ||
| 090 |
_aLB1065 _bFRE |
||
| 100 | 1 | _aFreeman, William. | |
| 245 | 1 | 0 |
_aBecoming a legendary teacher : _bto instruct and inspire / _cWilliam Freeman [and] David Scheidecker. |
| 260 |
_a California : _bCorwin, _cc2009. |
||
| 300 |
_axix, 274 p. : _bill. ; _c26 cm. |
||
| 500 | _aIncludes index. | ||
| 650 | 0 | _aMotivation in education. | |
| 650 | 0 | _aEffective teaching. | |
| 700 | 1 | _aScheidecker, David. | |
| 907 |
_a.b1030907x _b20-07-12 _c23-02-12 |
||
| 003 | |||
| 005 | 20230123125412.0 | ||
| 040 | _cNUST | ||
| 942 |
_cBOOKS _kLB1065 _mFRE |
||
| 999 |
_c140881 _d140881 |
||